00682nam a2200169 a 450000100100000000500170001000800410002704000250006808200150009324501150010826000340022330000280025771000520028570000450033795201130038299900170049500004457320240229073831.0140717s1987 dr a 000 0 spa d aDO-SdBNPbspacBNPHU axxxxbxxxx00aEspigas y amapolas en la cosecha :bevaluación programa de capacitación /cedición Ángela Hernández. aSanto Domingo :bMUDE,c1987. a110 p. :bil. ;c21 cm.2 aMujeres en Desarrollo Dominicana, (MUDE)9725981 aHernández, Ángela,d1954-eed.92564 0010718PDaPDbPDcCTd2014-07-17iLF1l0oxxxx xxxxp44573-10r2020-06-25w2020-06-25yLFPDZNo se presta c44062d44062